Financial derivatives and their role in risk management diplomová práca

Na minha lista:
Detalhes bibliográficos
Autor principal: Kubányi, Daniel
Autor Corporativo: Národohospodárska fakulta EU. Katedra financií
Outros Autores: Alexy, Martin, 1976-
Formato: Livro
Idioma:inglês
Publicado em: Bratislava 2017
Tags: Adicionar Tag
Sem tags, seja o primeiro a adicionar uma tag!

MARC

LEADER 00000nbm a2200000 4500
001 0231820
005 20171127145751.8
041 0 |a eng 
044 |a SK 
245 1 0 |a Financial derivatives and their role in risk management  |b diplomová práca  |c Daniel Kubányi ; školiteľ: Martin Alexy 
264 1 |a Bratislava  |c 2017 
300 |a 94 s. 
100 1 |a Kubányi, Daniel 
700 1 |a Alexy, Martin, 1976- 
710 2 |a Národohospodárska fakulta EU. Katedra financií